00321nam a2200109Ia 4500008004000000082001300040100000600053245007000059260005500129300000800184650001900192210210b1976 xxu||||| |||| 00| 0 eng d a052 ILLU a- aIllustrated weekly of India annual 76: the India you do not know. aIndia.bIllustrated weekly of india annual.,c1976 a186 aIndia Weekly